| 000 | 00417pab a2200145 454500 | ||
|---|---|---|---|
| 008 | 180718b2003 xxu||||| |||| 00| 0 eng d | ||
| 100 | _aHumphries, Jane | ||
| 245 | _aChild labor: lessons from the historical experience of today's industrial economies | ||
| 260 | _c2003 | ||
| 300 | _ap.175-96. | ||
| 650 | _aIndustrial economics | ||
| 650 | _aChild labour | ||
| 773 | _aWorld Bank Economic Review | ||
| 909 | _a59554 | ||
| 999 |
_c59554 _d59554 |
||